Nazývačka /
Není nic nebezpečnějšího než nepojmenovaná věc. Kdesi cosi spadlo a ze světa zmizela slova. Se slovy zmizely i dosud jasné hranice mezi věcmi a lidská civilizace, jak jsme ji znali. Fantasy román o ztrátě jazyka a jeho obtížném obnovování.
Uloženo v:
| Hlavní autor: | |
|---|---|
| Další autoři: | |
| Médium: | E-kniha |
| Jazyk: | Czech |
| Vydáno: |
Brno :
Host,
2026
|
| Vydání: | První vydání |
| Témata: | |
| Tagy: |
Žádné tagy |
| LEADER | 02881nam a2200433 i 4500 | ||
|---|---|---|---|
| 001 | 301515 | ||
| 003 | CZ PrSKC | ||
| 005 | 20260430063208.0 | ||
| 007 | ta | ||
| 008 | 260313s2026 xr g 000 f cze | ||
| 015 | |a cnb003741112 | ||
| 020 | |a 9788027527847 |q (brožováno) | ||
| 040 | |a ABG001 |b cze |d ABA001 |e rda | ||
| 041 | 1 | |a cze |h eng | |
| 072 | 7 | |a 821.111(73)-3 |x Americká próza |2 Konspekt | |
| 080 | |a 821.111(73)-31 |2 MRF | ||
| 080 | |a (0:82-312.9) |2 MRF | ||
| 100 | 1 | |a Berry, Jedediah, |d 1977- |7 xx0188155 |4 aut | |
| 240 | 1 | 0 | |a Naming song. |l Česky |
| 245 | 1 | 0 | |a Nazývačka / |c Jedediah Berry ; přeložil Vratislav Kadlec |
| 250 | |a První vydání | ||
| 264 | 1 | |a Brno : |b Host, |c 2026 | |
| 300 | |a 429 stran ; |c 21 cm | ||
| 336 | |a text |b txt |2 rdacontent | ||
| 337 | |a bez média |b n |2 rdamedia | ||
| 338 | |a svazek |b nc |2 rdacarrier | ||
| 500 | |a Přeloženo z angličtiny | ||
| 520 | 2 | |a Není nic nebezpečnějšího než nepojmenovaná věc. Kdesi cosi spadlo a ze světa zmizela slova. Se slovy zmizely i dosud jasné hranice mezi věcmi a lidská civilizace, jak jsme ji znali. Fantasy román o ztrátě jazyka a jeho obtížném obnovování. |b Z bezejmenné divočiny se vynořují příšery a ožívají noční můry. Duchové chodí mezi lidmi, pracují v továrnách a jako palivo se používají zbytky snů. Krajem projíždějí parní vlaky a v jednom z nich sídlí nazývací komise, která pracně hledá názvy všeho, co lidé kdysi považovali za samozřejmé. Spolu s pojmenovanými vlakem cestuje i bezejmenná nazývačka. Jejím posláním je doručovat věcem jména, sama však jméno nemá. Po sérii podivných útoků navíc musí uprchnout a vydat se na cestu spolu se záplatovaným duchem, naříkající příšerou a bezejmenným zvířetem, které se potuluje mezi stíny. Snaží se najít ztracenou sestru, pravdu o své minulosti i vlastní místo ve světě a postupně zjišťuje, že nejdřív možná bude muset svět radikálně změnit. Je těžší najít poslední velké hraniční slovo -- nebo lásku a svobodu? Nakladatelská anotace. | |
| 655 | 7 | |a americké romány |7 fd131796 |2 czenas | |
| 655 | 7 | |a fantasy romány |7 fd184199 |2 czenas | |
| 655 | 9 | |a American fiction |2 eczenas | |
| 655 | 9 | |a fantasy novels |2 eczenas | |
| 700 | 1 | |a Kadlec, Vratislav, |d 1981- |7 js20030216031 |4 trl | |
| 710 | 2 | |a Host (vydavatelství) |7 ko2003163544 |4 pbl | |
| 900 | |a ABA001 |b 20 | ||
| 044 | |a xr | ||
| 910 | |a RBIT002 | ||
| 998 | |d 426553 |a https://core.palmknihy.cz/api/books/426553/cover?te95l1 |b https://core.palmknihy.cz/api/books/426553/cover/400?te95l1 |c https://core.palmknihy.cz/api/books/426553/cover/50?te95l1 |e 2029-05-14 |g 432 |i 9788027527847 |j https://core.palmknihy.cz/api/books/426553/preview.epub |k https://core.palmknihy.cz/api/books/426553/preview.pdf |l |q 49 |r 1 |s https://www.palmknihy.cz/kniha/426553 |t ebook |y 2026 |z 0 | ||
| 999 | |d 301513 | ||